ბათუმის შოთა რუსთაველის სახელმწიფო უნივერსიტეტის ბიბლიოთეკა

ამაყი გული, მღელვარე ზაფხული,თოფის ხმა გათენებისას (ბიბ.ჩანაწერი № 42154)

000 -LEADER
fixed length control field 01045nam a2200241Ia 4500
001 - CONTROL NUMBER
control field 8847
003 - CONTROL NUMBER IDENTIFIER
control field GE_BSU
008 - FIXED-LENGTH DATA ELEMENTS--GENERAL INFORMATION
fixed length control field 181216s||||||||xx |||||||||||||| ||und||
040 ## - CATALOGING SOURCE
Transcribing agency GE_BSU
080 ## - UNIVERSAL DECIMAL CLASSIFICATION NUMBER
Universal Decimal Classification number 821.353.1-32+821.353.1-31
100 ## - MAIN ENTRY--PERSONAL NAME
Personal name კანდელაკი,ნანა
245 ## - TITLE STATEMENT
Title ამაყი გული, მღელვარე ზაფხული,თოფის ხმა გათენებისას
245 ## - TITLE STATEMENT
Remainder of title მოთხრობები,რომანი
245 ## - TITLE STATEMENT
Statement of responsibility, etc. რედ:თ.აბულაძე,მხატვ:რ.მახარაძე
260 ## - PUBLICATION, DISTRIBUTION, ETC.
Place of publication, distribution, etc. თბილისი
260 ## - PUBLICATION, DISTRIBUTION, ETC.
Name of publisher, distributor, etc. საბჭოთა საქართველო
260 ## - PUBLICATION, DISTRIBUTION, ETC.
Date of publication, distribution, etc. 1979
300 ## - PHYSICAL DESCRIPTION
Extent 348გვ,21სმ
300 ## - PHYSICAL DESCRIPTION
Other physical details მე-2 გამომცემლობა
653 ## - INDEX TERM--UNCONTROLLED
Uncontrolled term ამაყი გული, მღელვარე ზაფხული,თოფის ხმა გათენებისას
653 ## - INDEX TERM--UNCONTROLLED
Uncontrolled term მოთხრობები,რომანი
942 ## - ADDED ENTRY ELEMENTS (KOHA)
Koha item type წიგნი
ეგზემპლარები
Withdrawn status Lost status Damaged status Not for loan Date acquired Barcode Date last seen Price effective from Koha item type
        2018-12-17 31330 2018-12-17 2018-12-17 წიგნი